Sermones sobre varios asuntos (Record no. 8719)
[ view plain ]
| 000 -CABECERA | |
|---|---|
| campo de control de longitud fija | 01089nam a2200241 a 4500 |
| 001 - NÚMERO DE CONTROL | |
| campo de control | BRCA_9069 |
| 005 - FECHA Y HORA DE LA ÚLTIMA TRANSACCIÓN | |
| campo de control | 20190320210519.0 |
| 008 - DATOS DE LONGITUD FIJA--INFORMACIÓN GENERAL | |
| campo de control de longitud fija | 050917s1773----sp-#######---#000-0#spa-# |
| 041 ## - CÓDIGO DE LENGUA | |
| Código de lengua del texto/banda sonora o título independiente | spa |
| 044 ## - CÓDIGO DEL PAÍS DE LA ENTIDAD EDITORA/PRODUCTORA | |
| Código MARC del país | sp |
| 084 ## - OTRO NÚMERO DE CLASIFICACIÓN | |
| Número de clasificación | BE83 |
| Número de documento/Ítem | .C37 1773 |
| 100 1# - ENTRADA PRINCIPAL--NOMBRE DE PERSONA | |
| Nombre de persona | Blas Julian y Carrera |
| 9 (RLIN) | 22433 |
| 245 10 - MENCIÓN DE TÍTULO | |
| Título | Sermones sobre varios asuntos |
| Resto del título | tomo tercero |
| Mención de responsabilidad, etc. | escritos en francés y traducidos al castellano por Don Blas Julián y Carrera, Abad de Leorin, y Revisor General de Librerías por el Consejo de la Suprema, y General Inquisición. |
| 260 ## - PUBLICACIÓN, DISTRIBUCIÓN, ETC. | |
| Lugar de publicación, distribución, etc. | Madrid |
| Nombre del editor, distribuidor, etc. | en la Oficina de Pantaleón Aznar |
| Fecha de publicación, distribución, etc. | 1773 |
| 300 ## - DESCRIPCIÓN FÍSICA | |
| Extensión | [2], 327 p. (t.3) |
| Dimensiones | 20.5 x 15.5 cm |
| 500 ## - NOTA GENERAL | |
| Nota general | Estado físico: presenta encuadernación en pergamino pergamino con cintas rotas y con manchas en las hojas de la esquina inferior |
| 500 ## - NOTA GENERAL | |
| Nota general | En portada: Mysterios de Ntro. sr. |
| 500 ## - NOTA GENERAL | |
| Nota general | En portada. A costa de la Real Compañía de Impresores y Libreros del Reyno |
| 500 ## - NOTA GENERAL | |
| Nota general | Con las licencias necesarias |
| 650 14 - PUNTO DE ACCESO ADICIONAL DE MATERIA--TÉRMINO DE MATERIA | |
| Término de materia o nombre geográfico como elemento de entrada | Sermones franceses |
| Subdivisión cronológica | Siglo XVII - Obras anteriores a 1700 |
| 9 (RLIN) | 21343 |
| 902 ## - CATALOGADOR | |
| Iniciales | CFM |
| 942 ## - ELEMENTOS DE PUNTO DE ACCESO ADICIONAL (KOHA) | |
| Fuente del sistema de clasificación o colocación | Library of Congress Classification |
| Tipo de ítem Koha | Libros |
| Estado de retiro | Estado de pérdida | Estado dañado | No para préstamo | Localización permanente | Ubicación/localización actual | Fecha de adquisición | Total de préstamos | Signatura topográfica completa | Código de barras | Fecha visto por última vez | Precio válido a partir de | Tipo de ítem Koha |
|---|---|---|---|---|---|---|---|---|---|---|---|---|
| El ejemplar forma parte de la colección y puede ser consultado según las políticas vigentes. | Biblioteca del Museo Franz Mayer (Rogerio Casas-Alatriste) | Biblioteca del Museo Franz Mayer (Rogerio Casas-Alatriste) | 05/09/2017 | BE83 .C37 1773 | CFM00426 | 22/03/2019 | 22/03/2019 | Libros |